000 00503nam a2200145Ia 4500
041 _aArabic
082 _a347 cut-384 ا
100 _a20260118u\\\\\\\\\\\y0engy0103\\\\ba
100 _aابراهيم سيد احمد
245 0 _aاختصاص غرفة المشورة في الموارد المدنية والجنائية وفقا لاحدث احكام النقض
250 _aط1
260 _bدار الكتب القانونية
_aالقاهرة - مصر
_c2004
300 _a139
942 _cBk
999 _c188961
_d188961